000 00810nam a22003017a 4500
001 881215
003 OSt
005 20210420075042.0
008 800613s1980 nyua 001 0 eng
010 _a 80005145
020 _a0812909372
040 _aeng
_cDLC
_deng
041 _aeng
050 0 0 _aPE1421
_b.S23 1980
080 _a811
_bS-14
082 0 0 _a428/.00973
100 1 _aSafire, William,
_d1929-2009.
245 1 0 _aOn language /
_cWilliam Safire.
260 _aNew York :
_bTimes Books,
_cc1980.
300 _axv, 331 p. :
_bill. ;
_c24 cm.
365 _b12.95 usd
500 _aIncludes index.
650 0 _aEnglish language
_xUsage.
650 0 _aLinguistics
_9445
653 _aლინგვისტიკა
906 _a7
_bcbc
_corignew
_du
_eocip
_f19
_gy-gencatlg
942 _2udc
_cBK
999 _c553
_d553